Culture Générale - Série 916 - Statistiques

Statistiques générales
  • Ce quiz a été pris 113 fois
  • Le résultat moyen est 6 sur 10
Statistiques - réponses
Question Réponse % Correct
Quel est le pluriel de : "monsieur" ? messieurs
100%
Quel était le prénom de l'ingénieur français Eiffel ? Gustave
96%
Selon l'expression, pour dire "il y a bien longtemps", on peut dire aussi "il y a belle... lurette
94%
Combien de fois Jacques Anquetil a-t-il gagné le Tour de France ? cinq
84%
Dans quel département français se trouve la ville de Paris ? Paris
84%
Quel romancier français a écrit les paroles de la chanson “Le Déserteur” en 1954 ? Boris Vian
66%
Quel mot de 5 lettres désigne l'orifice des narines située sur le sommet de la tête des cétacés ? évent
42%
De quel pays africain Thabo Mbeki est-il devenu président de la République en 1999 ? Afrique du Sud
22%
Quel est le titre français de la série américaine “The Twilight Zone” ? La Quatrième Dimension
21%
Quelle est la nationalité d'Abbas Kiarostami, réalisateur de "Copie conforme" et du "Goût de la cerise" ? Iranienne
13%
Aucun quiz correspondant
Distribution des résultats
% des personnes avec chaque résultat
Percentile par nombre de réponses
Votre historique - résultats
Vous n’avez pas pris ce quiz